Detalles MARC
| 000 -LIDER |
| fixed length control field |
01189nam a22003017a 4500 |
| 001 - NÚMERO DE CONTROL |
| Identificador de número de control |
00260 |
| 003 - IDENTIFICACDOR DE NÚMERO DE CONTROL |
| control field |
DO-SdBNP |
| 005 - DATE AND TIME OF LATEST TRANSACTION |
| control field |
20171109101234.0 |
| 008 - ELEMENTOS DE LONGITUD FIJA |
| fixed length control field |
151111b 1976 sp xxu||||| |||| 00| 0 spa d |
| 020 ## - ISBN |
| International Standard Book Number |
8400034775 |
| 040 ## - FUENTE DE CATALOGACIÓN |
| Agencia que crea de manera original el registro |
BPMSU |
| Idioma de catalogación |
spa |
| Agencia que realiza la transcripción |
BPMSU |
| 082 #4 - NÚMERO DE CLASIFICACIÓN DECIMAL DE DEWEY |
| Classification number |
282.892 |
| Item number |
M827i |
| 092 ## - LOCALLY ASSIGNED DEWEY DECIMAL CALL NUMBER |
| Número de clasificación |
|
| 100 1# - ASIENTO PRINCIPAL -- NOMBRE PERSONAL |
| Nombre personal |
Mora Mérida, José Luis, |
| Fechas asociadas con el nombre |
1943- |
| 245 10 - MENCIÓN DE TITULO |
| Título |
Iglesia y sociedad en Paraguay en el siglo XVIII / |
| Mención de responsabilidad |
José Luis Mora Mérida |
| 260 ## - PUBLICACIÓN, DISTRIBUCIÓN, ETC. (PIE DE IMPRENTA) |
| Lugar de publicación, distribución, etc |
Sevilla : |
| Nombre del editor, distribuidor, etc. |
Escuela de Estudios Hispano-americanos, Consejo Superior de Investigaciones Científicas, |
| Fecha de publicación, distribución, etc |
1976. |
| 300 ## - DESCRIPCIÓN FÍSICA |
| Extensión |
162 p. ; |
| Dimensiones |
19 cm. |
| 490 1# - MENCIÓN DE SERIES |
| Mención de serie |
Publicaciones de la Escuela de Estudios Hispano-Americanos de Sevilla |
| Volume/sequential designation |
; 235 |
| 500 ## - NOTA GENERAL |
| Nota general |
Incluye referencias bibliográficas y notas al pie de las paginas. |
| 500 ## - NOTA GENERAL |
| Nota general |
Incluye índice analítico |
| 650 ## - ENCABEZAMIENTO DE MATERIA--TEMÁTICO |
| Término temático o nombre geográfico como elemento de entrada |
IGLESIA CATÓLICA |
| Subdivisión geográfica |
PARAGUAY |
| Subdivisión temática general |
HISTORIA |
| Subdivisión cronológica |
SIGLO XIX |
| 651 ## - ENCABEZAMIENTO DE MATERIA--NOMBRE GEOGRÁFICO |
| Nombre geográfico |
PARAGUAY |
| Subdivisión temática general |
HISTORIA ECLESIÁSTICA |
| Subdivisión cronológica |
SIGLO XVIII |
| 651 ## - ENCABEZAMIENTO DE MATERIA--NOMBRE GEOGRÁFICO |
| Nombre geográfico |
PARAGUAY |
| Subdivisión temática general |
CONDICIONES SOCIALES |
| Subdivisión cronológica |
SIGLO XVIII |
| 830 #0 - ASIENTO SECUNDARIO DE SERIE--TÍTULO UNIFORME |
| Título uniforme |
Publicaciones de la Escuela de Estudios Hispano-Americanos de Sevilla ; |
| Número de la parte o sección de una obra |
235 |
| 942 ## - ADDED ENTRY ELEMENTS (KOHA) |
| Source of classification or shelving scheme |
Dewey Decimal Classification |
| Koha item type |
Libros |
| 945 ## - INFORMACIÓN DE PROCESAMIENTO LOCAL |
| Información de procesamiento local |
Inventariado, 2017/MFF |
| 956 ## - LOCAL ELECTRONIC LOCATION AND ACCESS (OCLC) |
| Método de acceso |
Lorenza Pérez |